Responses for Show #2228 - Wednesday, April 20, 1994

Contestants

[<< previous game]

Margaret Beyer, an interior designer from Richmond, Virginia

John Hunt, a jazz musician from San Francisco, California

Ruth Bargy, a writer from Randolph, New York (whose 2-day cash winnings total $15,599)

[next game >>]

Jeopardy! Round responses

BIOLOGY
SONG STANDARDS
THE LIBRARY OF CONGRESS
ANCIENT EGYPT
WINE
COMMON BONDS
    $100 6
feathers

Margaret
    $100 17
"Sweet Adeline"

Ruth
    $100 26
(John) Adams

Ruth
    $100 13
the Nile

Margaret
    $100 9
(Ruth: What is Catawba?)

a blush wine (a rosé)

RuthMargaret
    $100 1
eggs

Margaret
    $200 7
female

Ruth
    $200 20
Marilyn Monroe

John
    $200 27
(Alexander Graham) Bell

Margaret
    $200 14
hieroglyphics

Ruth
    $200 10
Napa Valley

Margaret
    $200 2
circus

Ruth
    $300 8
deciduous

Margaret
    $300 21
tell a lie

John
    $300 28
(Margaret: [*] Who are [*]?)

the Wright brothers

Margaret
    $300 15
Alexandria

Ruth
    $300 11
a magnum

Margaret
    $300 3
fly

Ruth
    $400 18
a membrane

Ruth
    $400 22
Atlantic City

John
    $400 29
the War of 1812

Ruth
    $400 16
Nefertiti

John
    $400 12
(John: What is Portugal?)

Spain

RuthJohn
    $400 4
box

Ruth
    $500 19
flying fish

Ruth
    $500 23
The Fantasticks

Margaret
    $500 30
the National Archives

Margaret
    $1,000 24
(Margaret: Uh, I don't know.)

Actium

Margaret
    $500 25
Rothschild

John
    $500 5
peel

Ruth

Scores at the first commercial break (after clue 16):

Ruth John Margaret
$2,400 $0 $1,200

Scores at the end of the Jeopardy! Round:

Ruth John Margaret
$3,900 $1,400 $1,700

Double Jeopardy! Round responses

RELIGION
LITERARY CHARACTERS
ISLANDS
MAGAZINES & NEWSPAPERS
1794
"O" NO!
    $200 1
excommunication

Ruth
    $200 2
(Fletcher) Christian

Ruth
    $200 12
Canada

John
    $200 7
Punch

John
    $200 19
(John: Who is Perry?)
(Alex: Which one?)

Matthew Perry

John
    $200 18
an octopus

John
    $400 8
Zen

John
    $400 3
Boo

Margaret
    $400 13
the Pacific Ocean

John
    $400 15
Brides magazine

Margaret
    $400 20
Andrew Jackson

Margaret
    $400 24
an onion

Triple Stumper
    $600 9
kiddush

Triple Stumper
    $600 4
Giant

John
    $600 14
Coney Island

Ruth
    $600 16
a pig

Margaret
    $600 21
the Roman Empire

Margaret
    $600 25
an outlet

Margaret
    $1,500 10
The Book of Mormon

John
    $800 5
(William) Burroughs

Ruth
    $800 29
Greece

John
    $800 17
The New Yorker

Ruth
    $800 22
Maine

Margaret
    $800 26
(Margaret: What are [**], [***] and...)
...
(Alex: Margaret did two-thirds of the work for you.)

Oregon, Oklahoma & Ohio

JohnMargaret
    $1000 11
(Margaret: What is the Orthodox Church?)
(Alex: I want you to be more specific on that.)
(Margaret: The Eastern Orthodox Church?)
(Ruth: What is the Greek Orthodox?)

the Coptic Church

RuthJohnMargaret
    $1000 6
(Ruth: What is a rat?)

a mouse

RuthMargaret
    $1,000 30
(John: What is Guernsey?)

Jersey

John
    $1000 28
(John: What is Archangel?)

Sitka

JohnMargaret
    $1000 23
(William) Blake

Margaret
    $1000 27
an oryx

Ruth

Scores at the end of the Double Jeopardy! Round:

Ruth John Margaret
$5,500 $5,700 $6,700

[wagering suggestions for these scores]

Final Jeopardy! Round responses

THE 50 STATES
(Alex: [Before the responses] I guess you had to think of a state where you couldn't go skiing this winter.)
RuthWhat is Maine?
$5,400
JohnWhat is Delaware?
$5,700
MargaretWhat is N. Carolina
$4,701
Delaware

Final scores:

Ruth John Margaret
$100 $11,400 $1,999
3rd place: Samsung 27" TV + Wheel of Fortune & Jeopardy! games for the Super Nintendo & Sega Genesis New champion: $11,400 2nd place: trip on Delta to the Bahamas & stay at Le Meridien Royal Bahamian + Jeopardy! home game

Game dynamics:

Coryat scores:

Ruth John Margaret
$5,500 $6,000 $7,700
19 R,
3 W
16 R
(including 1 DD),
3 W
(including 1 DD)
21 R,
3 W
(including 1 DD)

Combined Coryat: $19,200

[game clues] [game scores] [suggest correction]

Game tape date: 1994-01-12
The J! Archive is created by fans, for fans. Scraping, republication, monetization, and malicious use prohibited; this site may use cookies and collect identifying information. See terms. The Jeopardy! game show and all elements thereof, including but not limited to copyright and trademark thereto, are the property of Jeopardy Productions, Inc. and are protected under law. This website is not affiliated with, sponsored by, or operated by Jeopardy Productions, Inc. Join the discussion at JBoard.tv.